000 00432nam a2200157 4500
999 _c1434
_d1434
008 200123b ||||| |||| 00| 0 eng d
020 _a0291396771
082 0 0 _a623.81
_bM9687
100 _9689
_aMunro-Smith, R.
245 1 0 _aNaval architecture for the merchant navy exams /
_cby R. Munro-Smith
250 _a1st ed.
260 _aOxford
_bTechnical press
_c1975
300 _a.
650 0 _aNaval Architecture
942 _2ddc
_cBK